| 000 | 00798cam a2200253 a 4500 | ||
|---|---|---|---|
| 999 |
_c329654 _d329654 |
||
| 001 | 2787577 | ||
| 003 | NUST | ||
| 005 | 20170516180318.0 | ||
| 008 | 810519s1981 nyu 000 0aeng | ||
| 010 | _a 81008577 | ||
| 020 |
_a0312803834 : _c$12.95 |
||
| 040 |
_aDLC _cDLC _dDLC |
||
| 050 | 0 | 0 |
_aBX4668.3.A75 _bA37 |
| 082 | 0 | 0 |
_a200.92 _219 _bARM |
| 100 | 1 |
_aArmstrong, Karen, _d1944- _9945 |
|
| 245 | 1 | 0 |
_aThrough the narrow gate / _cby Karen Armstrong. |
| 250 | _a1st ed. | ||
| 260 |
_aNew York : _bSt Martin's Press, _cc1981. |
||
| 300 |
_a281 p. ; _c24 cm. |
||
| 600 | 1 | 0 |
_aArmstrong, Karen, _d1944- _9945 |
| 650 | 0 |
_aEx-nuns _xBiography. _9946 |
|
| 906 |
_a7 _bcbc _corignew _d1 _eocip _f19 _gy-gencatlg |
||
| 942 |
_2ddc _cBK |
||